Family therapy and systemic practice : readings of child protection, clinical techniques and empirical foundations /

Bibliographic Details
Main Author: Carr, Alan, 1957-
Format: Book
Language:English
Published: Lanham : University Press of America, [1997]
Subjects:

MARC

Tag First Indicator Second Indicator Subfields
LEADER 00000cam a2200000 a 4500
001 in00001407530
005 20151020062219.0
008 970805s1997 mdua b 000 0 eng
010 |a  97033579  
020 |a 0761809120 (cloth : alk. paper) 
020 |a 0761809139 (paper : alk. paper) 
035 |a (OCoLC)37475131 
035 |9 AHP0980AM 
040 |a DLC  |c DLC  |d C#P  |d NLM  |d TXA  |d UtOrBLW 
049 |a TXAM 
050 0 0 |a RC488.5  |b .C366 1997 
060 0 0 |a 1997 M-081 
060 1 0 |a WM 430.5.F2  |b C311f 1997 
069 0 |a 9801120 
082 0 0 |a 616.89/156  |2 21 
100 1 |a Carr, Alan,  |d 1957- 
245 1 0 |a Family therapy and systemic practice :  |b readings of child protection, clinical techniques and empirical foundations /  |c Alan Carr. 
246 3 0 |a Readings of child protection, clinical techniques and empirical foundations 
264 1 |a Lanham :  |b University Press of America,  |c [1997] 
264 4 |c ©1997 
300 |a xii, 315 pages :  |b illustrations ;  |c 24 cm. 
336 |a text  |b txt  |2 rdacontent 
337 |a unmediated  |b n  |2 rdamedia 
338 |a volume  |b nc  |2 rdacarrier 
504 |a Includes bibliographical references. 
650 0 |a Family psychotherapy. 
650 0 |a Child psychotherapy. 
650 1 2 |a Family Therapy. 
650 2 2 |a Mental Disorders  |x in infancy & childhood. 
650 2 2 |a Mental Disorders  |x in adolescence. 
650 2 2 |a Family Relations. 
948 |a c:cer 
999 |a MARS 
999 f f |s 79dc0c2a-a2fb-37ed-b074-aa66462f5851  |i 42ca46e6-6e43-306c-aeec-bcb5b5233d34  |t 0 
952 f f |p ric  |a Texas A&M University  |b Rellis Campus  |c Joint Library Facility  |d Remote Storage  |t 0  |e RC488.5 .C366 1997  |h Library of Congress classification  |i unmediated -- volume  |m A14822473006 
998 f f |a RC488.5 .C366 1997  |t 0  |l Remote Storage